Pojęcia ekonomiczne - Statystyki

Ogólne statystyki
  • Ten quiz został rozwiązany 280 razy
  • Średni wynik to 10 z 15
Statystyki odpowiedzi
Hint Odpowiedź % Poprawnych
Współwłaściciel spółki akcyjnej, czyli osoba posiadająca akcje spółki. akcjonariusz
88%
Zjawisko społeczne, polegające na tym, że część ludzi zdolnych do pracy i deklarujących chęć jej podjęcia nie może znaleźć faktycznego zatrudnienia z różnych powodów. bezrobocie
88%
Przywóz towarów, usług lub kapitału z zagranicy w celu wykorzystania ich na rynku wewnętrznym, zakup towarów i usług produkowanych za granicą. import
87%
Struktura rynkowa charakteryzująca się występowaniem na rynku tylko jednego dostawcy danego towaru, który kontroluje jego podaż i cenę. monopol
87%
Ilość dóbr, oferowana na rynku przez producentów przy określonej cenie, przy założeniu niezmienności innych elementów charakteryzujących sytuację na rynku. podaż
82%
Relacja pomiędzy ceną dobra (towary i usługi), a jego ilością jaką konsumenci chcą i mogą nabyć w określonym czasie. popyt
79%
Dobra, które zostały wytworzone w danym kraju, a następnie sprzedane za granicą. eksport
78%
Instytucja odpowiedzialna za funkcjonowanie systemu bankowego. Jest jednostką podporządkowaną państwu. W Polsce jest nim Narodowy Bank Polski. bank centralny
65%
W rachunkowości jest to dodatni wynik finansowy przedsiębiorstwa lub określonej inwestycji albo pożyczki. zysk
64%
Termin giełdowy oznaczający długotrwały spadek kursu giełdowego papierów wartościowych lub cen towarów notowanych na giełdzie. bessa
62%
Występuje gdy wydatki w budżecie danej instytucji (np. państwa) są wyższe niż jej przychody. Jego przeciwieństwem jest nadwyżka budżetowa. deficyt budżetowy
59%
Dochód akcjonariusza spółki giełdowej z posiadanych przez niego akcji wyliczany na podstawie rocznego zysku spółki akcyjnej. dywidenda
56%
Finansowy obszar gospodarki państwa, którego dochody osiągane z produkcji nie zakazanej przez prawo, są ukrywane w całości lub w części przed odpowiednimi organami administracji państwowej, podatkowej, celnej itp. szara strefa
45%
Zjawisko makroekonomiczne polegające na znacznym zahamowaniu tempa wzrostu gospodarczego, skutkujące nawet spadkiem produktu krajowego brutto. recesja
31%
Zespół mechanizmów umożliwiający kontakt producentów z konsumentami. rynek
30%
Nie znaleziono quizów pasujących do podanych kryteriów
Rozkład punktacji
Procent ludzi z każdym wynikiem
Percentyl według liczby udzielonych odpowiedzi
Twoja historia wyników
Nie rozwiązałeś tego quizu